| 000 | 01878nam a2200457Ii 4500 | ||
|---|---|---|---|
| 001 | DIGUEXTER1057 | ||
| 003 | NyNyDIG | ||
| 006 | m o d | ||
| 007 | cr ||||||||||| | ||
| 008 | 250404s2020 ck a ob 000 0 spa d | ||
| 035 | _a(OCoLC)1404714464 | ||
| 040 |
_aDGITA _beng _erda _epn _cDGITA |
||
| 020 |
_a9789587904970 _qeBook |
||
| 020 | _z9789587904963 | ||
| 043 |
_an-mx--- _an-us--- |
||
| 050 | 1 | 4 | _aNX180.S6 ebook |
| 100 | 1 |
_aVera Sánchez, Mauricio, _eauthor. |
|
| 245 | 1 | 0 |
_aGeopoéticas, memoria e imaginarios en la frontera México - Estados Unidos / _cMauricio Vera Sánchez. |
| 250 | _aPrimera edición. | ||
| 264 | 1 |
_aBogotá : _bUniversidad Externado de Colombia, _c[2020] |
|
| 300 |
_a1 online resource : _billustrations. |
||
| 336 |
_atext _btxt _2rdacontent |
||
| 337 |
_acomputer _bc _2rdamedia |
||
| 338 |
_aonline resource _bcr _2rdacarrier |
||
| 347 |
_atext file _2rdaft |
||
| 347 | _bPDF | ||
| 500 | _a"Tesis de doctorado en ciencias sociales"--Cover. | ||
| 504 | _aIncludes bibliographical references. | ||
| 588 | 0 | _aOnline resource; title from PDF title page (Digitalia, viewed April 4, 2025) | |
| 650 | 0 |
_aArts and society _zMexico. |
|
| 650 | 0 |
_aGroup identity _zMexico. |
|
| 650 | 0 |
_aMexico _xRelations _zUnited States. |
|
| 650 | 0 |
_aUnited States _xRelations _zMexico. |
|
| 650 | 0 |
_aMexican-American Border Region _xEthnic relations. |
|
| 791 | 2 |
_aDigitalia (Firm), _edistributor. |
|
| 793 | 0 |
_gDigitalia eBook Collection: _aUniversidad Externado de Colombia |
|
| 776 | 0 | 8 |
_iPrint version: _aVera Sánchez, Mauricio. _tGeopoéticas, memoria e imaginarios en la frontera México - Estados Unidos. _bPrimera edición. _dBogotá : Universidad Externado de Colombia, [2020] _z9789587904963 |
| 856 | 4 | 0 |
_3Digitalia Hispánica _uhttps://www.digitaliapublishing.com/a/171510/ |
| 910 | _aPremium collection: 2025 | ||
| 942 | _cRAA | ||
| 999 |
_c290921 _d290921 |
||